Music Quiz

Random Music or Clickable Quiz

Jazz Musician Name Match-up Quiz Stats

Quiz Updated Jul 24, 2015

Challenge
Share
Tweet
Score 0/40 Timer 06:00
0 Plays Today
% Correct
Louis
96.8%
Ella
95.7%
Nat 'King'
95.4%
Duke
95.1%
Frank
94.8%
Miles
91.3%
Dizzy
91.2%
Billie
91.1%
Herbie
87.6%
Count
87.2%
John
84.4%
Thelonious
83.6%
Benny
83.2%
Dave
79%
Charlie
78.8%
Cab
78.2%
Glenn
78%
Wynton
74.8%
Chick
71.7%
Fats
69.5%
% Correct
Stan
68.7%
Jelly Roll
66.5%
Tommy
65%
Sarah
64.5%
Charles
63.4%
Sonny
62.1%
Art
61.5%
Dinah
57.4%
Dr.
54.6%
Louis
50.4%
Bill
48.4%
Art
48.4%
Maynard
46.4%
Keith
46.1%
Max
45.8%
Coleman
44.2%
Lester
43.6%
Fletcher
35.9%
King
35.2%
Mary Lou
31.5%

You're not logged in!

Compare scores with friends on all Sporcle quizzes.
Join for Free
OR
Log In

You Might Also Like...

Show Comments

Extras

Top Quizzes Today


Score Distribution

Your Account Isn't Verified!

In order to create a playlist on Sporcle, you need to verify the email address you used during registration. Go to your Sporcle Settings to finish the process.

Report this User

Report this user for behavior that violates our Community Guidelines.

Details: